Antologia di litteratura italiana per stranieri
Збережено в:
| Формат: | Книга |
|---|---|
| Мова: | Undetermined |
| Опубліковано: |
Italia
Scolastiche Mondadori
1957
|
| Редагування: | 2 |
| Предмети: | |
| Теги: |
Додати тег
Немає тегів, Будьте першим, хто поставить тег для цього запису!
|
MARC
| LEADER | 00000nam a2200000Ia 4500 | ||
|---|---|---|---|
| 008 | 170316s9999 xx 000 0 und d | ||
| 999 | |c 8104 |d 8104 | ||
| 040 | |a cru BVZT | ||
| 090 | |a 850 A-4a | ||
| 245 | |a Antologia di litteratura italiana per stranieri | ||
| 250 | |a 2 | ||
| 260 | |a Italia |b Scolastiche Mondadori |c 1957 | ||
| 300 | |a 472 páginas | ||
| 650 | |a LITERATURA ITALIANA |9 212 | ||
| 942 | |c 15 D |h 850 A-4a |2 z | ||
